PFI boosts construction sector (Record no. 70194)
[ view plain ]
| 000 -LEADER | |
|---|---|
| fixed length control field | 00868cam a2200217 4500 |
| 001 - CONTROL NUMBER | |
| control field | WB3817-03 |
| 008 - FIXED-LENGTH DATA ELEMENTS--GENERAL INFORMATION | |
| fixed length control field | 020508n2002 000 0 eng u |
| 035 ## - SYSTEM CONTROL NUMBER | |
| System control number | (Sirsi) u117871 |
| 245 ## - TITLE STATEMENT | |
| Title | PFI boosts construction sector |
| 260 ## - PUBLICATION, DISTRIBUTION, ETC. | |
| Date of publication, distribution, etc. | 2002 |
| 490 ## - SERIES STATEMENT | |
| Series statement | CIPS News Release |
| Volume/sequential designation | 1 May 2002, (3) |
| 520 ## - SUMMARY, ETC. | |
| Summary, etc. | The Chartered Institute of Purchasing and Supply (CIPS) construction purchasing managers' index showed that construction sector activity had risen to its highest level for nine years in April, helped there by PFI contracts. Housing construction had been boosted by low interest rates. http://www.cips.org/news/reports.asp |
| 590 ## - LOCAL NOTE (RLIN) | |
| Local note | WB |
| 650 ## - SUBJECT ADDED ENTRY--TOPICAL TERM | |
| Topical term or geographic name entry element | CONSTRUCTION SECTOR |
| 650 ## - SUBJECT ADDED ENTRY--TOPICAL TERM | |
| Topical term or geographic name entry element | PFI CONTRACTS |
| 650 ## - SUBJECT ADDED ENTRY--TOPICAL TERM | |
| Topical term or geographic name entry element | HOUSE BUILDING |
| 650 ## - SUBJECT ADDED ENTRY--TOPICAL TERM | |
| Topical term or geographic name entry element | ECONOMIC GROWTH |
| 650 ## - SUBJECT ADDED ENTRY--TOPICAL TERM | |
| Topical term or geographic name entry element | CIPS PURCHASING MANAGERS' INDEX |
| 690 ## - LOCAL SUBJECT ADDED ENTRY--TOPICAL TERM (OCLC, RLIN) | |
| Topical term or geographic name as entry element | BUILT ENVIRONMENT |
| 942 ## - ADDED ENTRY ELEMENTS (KOHA) | |
| Suppress in OPAC | 0 |
| Withdrawn status | Lost status | Source of classification or shelving scheme | Damaged status | Not for loan | Home library | Current library | Shelving location | Date acquired | Total Checkouts | Full call number | Barcode | Date last seen | Copy number | Price effective from | Koha item type |
|---|---|---|---|---|---|---|---|---|---|---|---|---|---|---|---|
| Dewey Decimal Classification | London | London | News article | 08/05/2002 | WB3817-013 | 117871-1001 | 06/08/2019 | 1 | 06/08/2019 | News article |